| 000 | 00448nam a2200181Ia 4500 | ||
|---|---|---|---|
| 008 | 230524s9999 xx 000 0 und d | ||
| 020 | _a9788131808054 | ||
| 082 |
_a621.8 _bBAN |
||
| 100 | _aR.K.Bansal | ||
| 245 | 2 | _aA Text Book of Theory of Machines (IN S.I.Units) | |
| 250 | _a5 | ||
| 260 |
_aNew Delhi _bLaxmi _c2012 |
||
| 300 | _axii;1091p. | ||
| 500 | _aQuantity Number: 9 | ||
| 650 | _aMechanics | ||
| 700 | _aJ.S.Brar | ||
| 942 | _cBK | ||
| 999 |
_c52343 _d52343 |
||